[Event "PRO League Group Stage"]
[Site "chess.com INT"]
[Date "2019.03.07"]
[Round "9"]
[White "Bazeev, German"]
[Black "Savchenko, Boris"]
[Result "1-0"]
[BlackTitle "GM"]
[WhiteElo "2423"]
[BlackElo "2562"]
[WhiteTeam "Volga Stormbringers"]
[BlackTeam "Moscow Wizards"]
[WhiteFideId "24119350"]
[BlackFideId "4147332"]
[EventDate "2019.01.08"]

1. Nf3 d5 2. d4 Bf5 3. Bg5 Nc6 4. e3 f6 5. Bh4 h5 6. Bg3 g5 7. h4 g4 8. Nfd2 e5
9. Bb5 Ne7 10. c4 a6 11. Bxc6+ Nxc6 12. cxd5 Nb4 13. O-O Bc2 14. Qc1 Bd3 15.
dxe5 Bxf1 16. e4 Bd3 17. Na3 fxe5 18. Bxe5 Rh7 19. Qc3 c5 20. Nac4 b5 21. Ne3 c4
22. a3 Rf7 23. axb4 Qxh4 24. Bg3 Qg5 25. Nf5 Rxf5 26. exf5 Qxf5 27. Re1+ Kd7 28.
Qd4 Qg6 29. Re6 Qg5 30. Qb6 Qxd5 31. Re5 Qc6 32. Qd4+ Kc8 33. Rxh5 Bxb4 34. Rh8+
Kb7 35. Rxa8 1-0

[Event "PRO League Group Stage"]
[Site "chess.com INT"]
[Date "2019.03.07"]
[Round "9"]
[White "Oparin, Grigoriy"]
[Black "Tsydypov, Zhamsaran"]
[Result "1-0"]
[WhiteTitle "GM"]
[BlackTitle "IM"]
[WhiteElo "2613"]
[BlackElo "2545"]
[WhiteTeam "Volga Stormbringers"]
[BlackTeam "Moscow Wizards"]
[WhiteFideId "24125890"]
[BlackFideId "4108566"]
[EventDate "2019.01.08"]

1. Nf3 Nf6 2. g3 d5 3. Bg2 e6 4. d4 Be7 5. c4 O-O 6. Nc3 dxc4 7. Ne5 Nc6 8. Bxc6
bxc6 9. Nxc6 Qe8 10. Nxe7+ Qxe7 11. Qa4 Bb7 12. f3 c5 13. Qa3 Rfc8 14. dxc5 e5
15. Bg5 e4 16. O-O-O exf3 17. exf3 Bxf3 18. Rhe1 Qxc5 19. Rd8+ Rxd8 20. Qxc5
Rac8 21. Qf2 Rd3 22. Bxf6 gxf6 23. Re3 1-0

[Event "PRO League Group Stage"]
[Site "chess.com INT"]
[Date "2019.03.07"]
[Round "9"]
[White "Lushenkov, Mikhail"]
[Black "Korchmar, Vasiliy"]
[Result "1/2-1/2"]
[WhiteTitle "IM"]
[BlackTitle "IM"]
[WhiteElo "2434"]
[BlackElo "2424"]
[WhiteTeam "Moscow Wizards"]
[BlackTeam "Volga Stormbringers"]
[WhiteFideId "4162129"]
[BlackFideId "24131750"]
[EventDate "2019.01.08"]

1. Nf3 c5 2. c4 Nc6 3. d4 cxd4 4. Nxd4 Nf6 5. Nc3 Qb6 6. Nc2 e6 7. e3 Be7 8. Be2
O-O 9. O-O d5 10. cxd5 exd5 11. Nxd5 Nxd5 12. Qxd5 Be6 13. Qb5 Qc7 14. Nd4 Bd7
15. Qh5 Bf6 16. Nb5 Qb6 17. Nc3 Be6 18. Nd5 Bxd5 19. Qxd5 Rfd8 20. Qb5 Qxb5 21.
Bxb5 Nb4 22. e4 Nd3 23. Bxd3 Rxd3 24. Be3 Bxb2 25. Rab1 Bd4 26. Bxd4 Rxd4 27.
Rxb7 Rxe4 28. g3 Ra4 1/2-1/2

[Event "PRO League Group Stage"]
[Site "chess.com INT"]
[Date "2019.03.07"]
[Round "9"]
[White "Dordzhieva, Dinara"]
[Black "Bryakin, Mikhail"]
[Result "0-1"]
[WhiteTitle "WIM"]
[BlackTitle "FM"]
[WhiteElo "2340"]
[BlackElo "2426"]
[WhiteTeam "Moscow Wizards"]
[BlackTeam "Volga Stormbringers"]
[WhiteFideId "24157570"]
[BlackFideId "4165314"]
[EventDate "2019.01.08"]

1. Nf3 d5 2. g3 c6 3. Bg2 Nf6 4. c4 Bf5 5. O-O e6 6. cxd5 exd5 7. d3 Be7 8. Qb3
Qb6 9. Qc2 Nbd7 10. Nc3 h6 11. e4 dxe4 12. dxe4 Bh7 13. Be3 Qa5 14. h3 O-O 15.
Nd2 Nd5 16. Bd4 Bf6 17. Bxf6 N7xf6 18. Qb3 Nxc3 19. bxc3 Qc7 20. f4 Rad8 21. Rf2
Nh5 22. Nf1 Rd3 23. Kh2 Nf6 24. Re1 Rfd8 25. Qc4 b5 26. Qb3 a5 27. Qb2 Qb6 28.
e5 Nd5 29. Bxd5 R3xd5 30. f5 Qc5 31. e6 Rxf5 32. Rxf5 Bxf5 33. exf7+ Kxf7 34.
Ne3 Be6 35. Ng2 Bc4 36. Qc2 Kg8 37. Nf4 Qd6 38. Kg1 Qf6 39. h4 Bf7 40. Re3 g5
41. hxg5 hxg5 42. Ng2 Kg7 43. Qe2 Bc4 44. Qe1 Rd7 45. Re8 Rf7 46. Qe3 Bd5 47.
Kh2 Bxg2 48. Kxg2 Qf1+ 0-1

[Event "PRO League Group Stage"]
[Site "chess.com INT"]
[Date "2019.03.07"]
[Round "9"]
[White "Martirosyan, Haik M."]
[Black "Ehlvest, Jaan"]
[Result "0-1"]
[WhiteTitle "GM"]
[BlackTitle "GM"]
[WhiteElo "2607"]
[BlackElo "2521"]
[WhiteTeam "Armenia Eagles"]
[BlackTeam "Estonia Horses"]
[WhiteFideId "13306553"]
[BlackFideId "4500016"]
[EventDate "2019.01.08"]

1. e4 e6 2. d4 d5 3. Nd2 a6 4. Bd3 c5 5. dxc5 Bxc5 6. Ngf3 Nc6 7. O-O Nge7 8. c3
Ba7 9. exd5 exd5 10. Qc2 h6 11. h3 O-O 12. Nb3 Qd6 13. Re1 Bxh3 14. Be3 Bxe3 15.
Rxe3 Bd7 16. Nbd4 Nxd4 17. Nxd4 Nc6 18. Nb3 Rfe8 19. Rg3 Rac8 20. Rd1 Re5 21.
Qd2 Rce8 22. Bf1 Qf6 23. Nc5 Bc8 24. Nd3 Re4 25. Nc5 Rh4 26. Qxd5 Re5 27. Nd7
Bxd7 28. Qxd7 Reh5 29. f3 Qe5 30. Qc8+ Kh7 31. Bd3+ f5 32. Rh3 Rxh3 33. gxh3
Qe3+ 34. Kf1 Ne7 35. Qd7 Rg5 36. Qd4 Rg1# 0-1

[Event "PRO League Group Stage"]
[Site "chess.com INT"]
[Date "2019.03.07"]
[Round "9"]
[White "Ter-Sahakyan, Samvel"]
[Black "Meshkovs, Nikita"]
[Result "1-0"]
[WhiteTitle "GM"]
[BlackTitle "GM"]
[WhiteElo "2574"]
[BlackElo "2557"]
[WhiteTeam "Armenia Eagles"]
[BlackTeam "Estonia Horses"]
[WhiteFideId "13302531"]
[BlackFideId "11602740"]
[EventDate "2019.01.08"]

1. e4 e5 2. Nf3 Nc6 3. Bb5 a6 4. Ba4 Nf6 5. O-O Nxe4 6. d4 b5 7. Bb3 d5 8. Nxe5
Nxe5 9. dxe5 Be6 10. Nd2 Nc5 11. c3 Be7 12. f4 d4 13. Bc2 d3 14. Bb1 Qd5 15. Nf3
Bf5 16. Be3 O-O 17. Rf2 Rfd8 18. Rd2 Qe4 19. Qe1 Ne6 20. Rf2 Nxf4 21. Nd2 Qxe5
22. Rxf4 Bc5 23. Rf3 Re8 24. Nf1 Rad8 25. Qf2 d2 26. Bxf5 d1=Q 27. Rxd1 Rxd1 28.
Bxc5 Qe1 29. Bd4 Qxf2+ 30. Rxf2 Ra1 31. a3 Re7 32. g4 h6 33. Kg2 Rae1 34. Ng3
Re8 35. h4 a5 36. Bd3 b4 37. axb4 axb4 38. Bc4 R8e7 39. Nf5 Rd7 40. Nxg7 c5 41.
Nh5 cxd4 42. Nf6+ Kg7 43. Nxd7 dxc3 44. bxc3 bxc3 45. Rxf7+ Kh8 46. Nf6 1-0

[Event "PRO League Group Stage"]
[Site "chess.com INT"]
[Date "2019.03.07"]
[Round "9"]
[White "Yakubboev, Nodirbek"]
[Black "Manukian, Artak"]
[Result "1-0"]
[WhiteTitle "IM"]
[WhiteElo "2569"]
[BlackElo "2196"]
[WhiteTeam "Estonia Horses"]
[BlackTeam "Armenia Eagles"]
[WhiteFideId "14203987"]
[BlackFideId "13301373"]
[EventDate "2019.01.08"]

1. e4 c6 2. Nf3 d5 3. Nc3 Nf6 4. e5 Ne4 5. Ne2 Qb6 6. d4 c5 7. c3 e6 8. Ng3 Nc6
9. Bd3 Nxg3 10. hxg3 Bd7 11. Kf1 O-O-O 12. a3 f6 13. Rxh7 Rxh7 14. Bxh7 Kb8 15.
b4 cxd4 16. cxd4 f5 17. Rb1 a5 18. b5 Na7 19. a4 Rc8 20. Be3 Rc4 21. Nd2 Rb4 22.
Rxb4 Bxb4 23. Bg6 Nc8 24. Nb3 Qd8 25. Nc5 Nb6 26. f4 Qh8 27. Kg1 Be8 28. Bxe8
Qxe8 29. g4 fxg4 30. Qxg4 Bxc5 31. dxc5 Nxa4 32. Qxg7 Qxb5 33. Qg8+ Kc7 34. Qxe6
Qb1+ 35. Kh2 Qh7+ 36. Qh3 Qe4 37. e6 d4 38. Bc1 Nxc5 39. f5 d3 40. Be3 Qe5+ 41.
Qg3 Qxg3+ 42. Kxg3 d2 43. Bxd2 Ne4+ 44. Kf4 Nxd2 45. f6 Kd6 46. Kf5 a4 47. e7
Kd7 48. Kg6 Ne4 49. f7 Kxe7 50. Kg7 1-0

[Event "PRO League Group Stage"]
[Site "chess.com INT"]
[Date "2019.03.07"]
[Round "9"]
[White "Narva, Mai"]
[Black "Sargsyan, Shant"]
[Result "0-1"]
[WhiteTitle "WIM"]
[BlackTitle "IM"]
[WhiteElo "2347"]
[BlackElo "2486"]
[WhiteTeam "Estonia Horses"]
[BlackTeam "Armenia Eagles"]
[WhiteFideId "4500512"]
[BlackFideId "13306766"]
[EventDate "2019.01.08"]

1. e4 c6 2. Nf3 d5 3. Nc3 dxe4 4. Nxe4 Nf6 5. Qe2 Nxe4 6. Qxe4 Qa5 7. Bc4 Bf5 8.
Qf4 e6 9. Bb3 Nd7 10. Nh4 Bg6 11. O-O Nc5 12. Nxg6 hxg6 13. Bc4 Qd8 14. g3 Bd6
15. Qf3 Qf6 16. Be2 O-O-O 17. Qxf6 gxf6 18. d4 Nd7 19. Be3 f5 20. c4 Nf6 21. Bg5
Be7 22. Rfd1 Rd7 23. Rab1 Rhd8 24. Be3 Ng4 25. b4 Bf6 26. h3 Nxe3 27. fxe3 e5
28. dxe5 Bxe5 29. Kf2 Rd2 30. a4 Bxg3+ 31. Kf3 Ra2 32. c5 Bh4 33. Bc4 Rf2# 0-1

[Event "PRO League Group Stage"]
[Site "chess.com INT"]
[Date "2019.03.07"]
[Round "9"]
[White "Chigaev, Maksim"]
[Black "Gupta, Abhijeet"]
[Result "1-0"]
[WhiteTitle "GM"]
[BlackTitle "GM"]
[WhiteElo "2604"]
[BlackElo "2581"]
[WhiteTeam "Estonia Horses"]
[BlackTeam "Delhi Dynamite"]
[WhiteFideId "4108116"]
[BlackFideId "5010608"]
[EventDate "2019.01.08"]

1. e4 e5 2. Bc4 Nf6 3. d3 Nc6 4. Nf3 Bc5 5. O-O a6 6. a4 d6 7. a5 h6 8. c3 Ba7
9. Be3 Qe7 10. Nbd2 g5 11. Ne1 Be6 12. Nc2 Bb8 13. b4 Ng4 14. f3 Nxe3 15. Nxe3
Ba7 16. Qe2 h5 17. Kh1 g4 18. f4 exf4 19. Rxf4 Ne5 20. Raf1 O-O-O 21. Bxe6+ fxe6
22. d4 Nd7 23. b5 Qg5 24. bxa6 Qxa5 25. axb7+ Kb8 26. Qc4 Rhf8 27. Rxf8 Nxf8 28.
Nb3 Qb6 29. Ra1 h4 30. Na5 c5 31. d5 exd5 32. Nxd5 1-0

[Event "PRO League Group Stage"]
[Site "chess.com INT"]
[Date "2019.03.07"]
[Round "9"]
[White "Kryakvin, Dmitry"]
[Black "Vaibhav, Suri"]
[Result "1/2-1/2"]
[WhiteTitle "GM"]
[BlackTitle "GM"]
[WhiteElo "2588"]
[BlackElo "2590"]
[WhiteTeam "Moscow Phoenix"]
[BlackTeam "Delhi Dynamite"]
[WhiteFideId "4153278"]
[BlackFideId "5045185"]
[EventDate "2019.01.08"]

1. d4 e6 2. Nf3 d5 3. c4 a6 4. Bg5 Be7 5. Bxe7 Qxe7 6. e3 Nf6 7. Nc3 O-O 8. Rc1
Nbd7 9. Qc2 dxc4 10. Bxc4 b5 11. Be2 Bb7 12. O-O Rac8 13. Qb1 c5 14. dxc5 Nxc5
15. b4 Nce4 16. Nxe4 Bxe4 17. Qb2 Nd5 18. a3 Qf6 19. Nd4 e5 20. Nf3 Bxf3 21.
Bxf3 e4 22. Qxf6 Nxf6 23. Be2 Rfd8 24. Rfd1 Rxd1+ 25. Rxd1 Kf8 26. Rd6 Rc1+ 27.
Bf1 Ng4 28. Rxa6 Ne5 29. Rd6 Nc4 30. Rd4 f5 31. g4 Ne5 32. Rd5 Nf3+ 33. Kg2 fxg4
34. Rxb5 g5 35. a4 h5 36. a5 h4 37. a6 Ne1+ 38. Kg1 Nf3+ 39. Kg2 Ne1+ 40. Kg1 h3
41. Rf5+ Ke7 42. b5 Kd6 43. b6 Ke6 44. Rf8 Ke7 45. b7 Kxf8 46. b8=Q+ Kf7 47. Qb5
Nf3+ 48. Kh1 Nd2 49. Qf5+ Ke8 50. Qe6+ Kf8 51. Qf6+ Ke8 52. Qe6+ Kf8 53. Qf6+
Ke8 54. Qe6+ 1/2-1/2

[Event "PRO League Group Stage"]
[Site "chess.com INT"]
[Date "2019.03.07"]
[Round "9"]
[White "Narayanan, S.L."]
[Black "Afanasiev, Nikita"]
[Result "1-0"]
[WhiteTitle "GM"]
[BlackTitle "FM"]
[WhiteElo "2575"]
[BlackElo "2508"]
[WhiteTeam "Delhi Dynamite"]
[BlackTeam "Moscow Phoenix"]
[WhiteFideId "5058422"]
[BlackFideId "24183555"]
[EventDate "2019.01.08"]

1. Nf3 Nf6 2. c4 e6 3. Nc3 d5 4. d4 Be7 5. Bg5 h6 6. Bxf6 Bxf6 7. Qc2 c6 8. e4
O-O 9. O-O-O a6 10. h4 Nd7 11. Kb1 b5 12. g4 g6 13. c5 Bg7 14. Bd3 Qf6 15. Qe2
Qf4 16. e5 f6 17. exf6 Qxf6 18. Rh3 e5 19. g5 hxg5 20. hxg5 Qe6 21. Rh4 Ra7 22.
Rdh1 Nxc5 23. dxc5 Raf7 24. Nxe5 Qxe5 25. Bxg6 Bf5+ 26. Bxf5 Qxf5+ 27. Ka1 Qxg5
28. Qd3 Re8 29. a3 Qf5 30. Qg3 Rfe7 31. Rh8+ Kf7 32. R8h5 Qg6 33. Rg5 Re1+ 34.
Rxe1 Rxe1+ 35. Ka2 Qf6 36. Qg4 Re5 37. Rxe5 Qxe5 38. Qd7+ Kg8 39. Qc8+ Kh7 40.
Qxc6 d4 41. Qe4+ Kh6 42. Qxe5 Bxe5 43. Nd5 d3 44. Kb1 Kg6 45. c6 Kf5 46. c7 1-0

[Event "PRO League Group Stage"]
[Site "chess.com INT"]
[Date "2019.03.07"]
[Round "9"]
[White "Manu, David Suthandram R"]
[Black "Mikhailovsky, Vladimir"]
[Result "0-1"]
[BlackTitle "CM"]
[WhiteElo "2252"]
[BlackElo "2180"]
[WhiteTeam "Delhi Dynamite"]
[BlackTeam "Moscow Phoenix"]
[WhiteFideId "35019562"]
[BlackFideId "34105414"]
[EventDate "2019.01.08"]

1. e4 e5 2. Nf3 d5 3. exd5 e4 4. Qe2 Nf6 5. Nc3 Be7 6. Ng5 O-O 7. d3 Bg4 8. Qe3
h6 9. Ngxe4 Nxd5 10. Nxd5 Qxd5 11. h3 Bf5 12. g4 Bg5 13. Qe2 Bxc1 14. Rxc1 Bxe4
15. dxe4 Qxa2 16. c3 Nd7 17. Bg2 Rfd8 18. O-O Ne5 19. f4 Nd3 20. Rcd1 Qxb2 21.
Qe3 Qb6 22. Qxb6 axb6 23. e5 c6 24. Kh2 Kf8 25. Rd2 Ke7 26. Rb1 Nxf4 27. Rxd8
Rxd8 28. Bf1 Rd2+ 29. Kg3 Nd5 30. Kf3 b5 31. c4 Nc3 32. Rb3 Rd1 33. Kg2 Rd2+ 34.
Kf3 Rd1 35. Kg2 Ne4 36. Be2 Rd2 37. Kf1 Nc5 38. Rb4 bxc4 39. Bxc4 b5 40. Be2 Rc2
41. Bf3 Ne6 42. Be4 Rc3 43. h4 Kd7 44. Ke2 Kc7 45. Rb1 Kb6 46. Rf1 Rc4 47. Ke3
Nc5 48. Bf3 b4 49. Ra1 b3 50. Ra8 Rc3+ 51. Ke2 b2 52. Rb8+ Nb7 53. Be4 Rc1 54.
Rf8 Rc4 55. Bd3 Rc3 56. Bb1 Rc1 57. Be4 Nc5 58. Rb8+ Kc7 59. Rxb2 Nxe4 60. Ke3
Nc5 61. Rf2 Rc3+ 62. Kd2 Ne4+ 0-1

[Event "PRO League Group Stage"]
[Site "chess.com INT"]
[Date "2019.03.07"]
[Round "9"]
[White "Pantsulaia, Levan"]
[Black "Amonatov, Farrukh"]
[Result "1-0"]
[WhiteTitle "GM"]
[BlackTitle "GM"]
[WhiteElo "2597"]
[BlackElo "2621"]
[WhiteTeam "Tbilisi Gentlemen"]
[BlackTeam "Mumbai Movers"]
[WhiteFideId "13602071"]
[BlackFideId "14700077"]
[EventDate "2019.01.08"]

1. Nf3 Nf6 2. g3 d5 3. Bg2 c6 4. c4 Bf5 5. O-O e6 6. d3 Be7 7. Nc3 Nbd7 8. cxd5
exd5 9. e4 dxe4 10. dxe4 Nxe4 11. Nd4 Nxc3 12. bxc3 Bg6 13. Re1 O-O 14. Bxc6 Nc5
15. Bxb7 Nxb7 16. Nc6 Qxd1 17. Nxe7+ Kh8 18. Nxg6+ hxg6 19. Rxd1 Nc5 20. Be3
Rfc8 21. Rab1 Rc7 22. Rb4 Rac8 23. Rd5 f6 24. h4 Kg8 25. Kg2 Ne6 26. Ra5 Rxc3
27. Rxa7 R3c7 28. Rxc7 Rxc7 29. a4 Rc2 30. Rb8+ Kh7 31. Re8 Rc6 32. a5 Nc5 33.
Rb8 Nd3 34. Rb6 Rc3 35. a6 Ra3 36. Rd6 Ne5 37. Bc5 1-0

[Event "PRO League Group Stage"]
[Site "chess.com INT"]
[Date "2019.03.07"]
[Round "9"]
[White "Paichadze, Luka"]
[Black "Puranik, Abhimanyu"]
[Result "1-0"]
[WhiteTitle "GM"]
[BlackTitle "GM"]
[WhiteElo "2583"]
[BlackElo "2536"]
[WhiteTeam "Tbilisi Gentlemen"]
[BlackTeam "Mumbai Movers"]
[WhiteFideId "13602934"]
[BlackFideId "5061245"]
[EventDate "2019.01.08"]

1. e4 e6 2. b3 d5 3. Bb2 dxe4 4. Nc3 Nf6 5. Qe2 Be7 6. O-O-O a5 7. a4 Nc6 8.
Nxe4 O-O 9. Nf3 Nxe4 10. Qxe4 Bf6 11. d4 Qd5 12. Bd3 Qxe4 13. Bxe4 Nb4 14. Rhe1
Rd8 15. Ne5 c6 16. g3 Bd7 17. Kb1 Be8 18. f4 Rab8 19. c3 Nd5 20. c4 Nb4 21. Bc3
Be7 22. c5 f6 23. Nc4 Bh5 24. Rd2 Kf7 25. Nxa5 Nd5 26. Bb2 Rd7 27. Nc4 Rbd8 28.
h3 Bg6 29. Bxg6+ hxg6 30. Rde2 Rh8 31. h4 Nc7 32. Bc3 Rh5 33. Ba5 Bf8 34. Bxc7
Rxc7 35. Rxe6 Rd5 36. Nd6+ Bxd6 37. cxd6 Rc8 38. Re7+ Kg8 39. d7 Rf8 40. R1e4
Rd6 41. Kc2 f5 42. R4e6 Rxe6 43. Rxe6 Kf7 44. Re8 1-0

[Event "PRO League Group Stage"]
[Site "chess.com INT"]
[Date "2019.03.07"]
[Round "9"]
[White "Sadhwani, Raunak"]
[Black "Quparadze, Giga"]
[Result "1-0"]
[WhiteTitle "IM"]
[BlackTitle "GM"]
[WhiteElo "2451"]
[BlackElo "2493"]
[WhiteTeam "Mumbai Movers"]
[BlackTeam "Tbilisi Gentlemen"]
[WhiteFideId "35093487"]
[BlackFideId "13602250"]
[EventDate "2019.01.08"]

1. e4 c5 2. Nc3 e6 3. Nf3 a6 4. d4 cxd4 5. Nxd4 Qc7 6. Bd3 Bc5 7. Nb3 Be7 8. Qg4
g6 9. Bg5 Nc6 10. O-O h5 11. Qh4 f6 12. Be3 g5 13. Qh3 Ne5 14. f4 g4 15. Qh4 Nc4
16. Bxc4 Qc6 17. Bd3 Qc4 18. Bxc4 1-0

[Event "PRO League Group Stage"]
[Site "chess.com INT"]
[Date "2019.03.07"]
[Round "9"]
[White "Raja, Harshit"]
[Black "Volkov, Nika"]
[Result "1-0"]
[WhiteTitle "IM"]
[WhiteElo "2432"]
[BlackElo "2153"]
[WhiteTeam "Mumbai Movers"]
[BlackTeam "Tbilisi Gentlemen"]
[WhiteFideId "5089000"]
[BlackFideId "13604376"]
[EventDate "2019.01.08"]

1. e4 e6 2. d4 d5 3. Nd2 c5 4. exd5 exd5 5. Ngf3 Nf6 6. Bb5+ Nc6 7. O-O Be7 8.
dxc5 Bxc5 9. Qe2+ Be6 10. Nb3 Bb6 11. Nbd4 Qd6 12. Nf5 Qf8 13. N3d4 Kd7 14. c4
Re8 15. Qf3 Ne4 16. Rd1 g6 17. cxd5 gxf5 18. dxc6+ Kc8 19. cxb7+ Kxb7 20. Bc6+
Kc8 21. Bf4 Bxd4 22. Rxd4 Qc5 23. Bxe4 Re7 24. Bxf5 Qxd4 25. Rc1+ Kd7 26. Qc6+ 1-0

[Event "PRO League Group Stage"]
[Site "chess.com INT"]
[Date "2019.03.07"]
[Round "9"]
[White "Savchenko, Boris"]
[Black "Oparin, Grigoriy"]
[Result "0-1"]
[WhiteTitle "GM"]
[BlackTitle "GM"]
[WhiteElo "2562"]
[BlackElo "2613"]
[WhiteTeam "Moscow Wizards"]
[BlackTeam "Volga Stormbringers"]
[WhiteFideId "4147332"]
[BlackFideId "24125890"]
[EventDate "2019.01.08"]

1. e4 e5 2. f4 d5 3. exd5 exf4 4. Qf3 Nf6 5. Nc3 Bd6 6. Bb5+ Bd7 7. Qe2+ Kf8 8.
Nf3 c6 9. dxc6 Nxc6 10. b3 Qb6 11. Na4 Qc7 12. O-O Re8 13. Qc4 a6 14. Bxc6 Bxc6
15. Nd4 f3 16. g3 Re4 17. Nc5 Bd5 18. Qxd5 Bxc5 19. Bb2 Nxd5 0-1

[Event "PRO League Group Stage"]
[Site "chess.com INT"]
[Date "2019.03.07"]
[Round "9"]
[White "Tsydypov, Zhamsaran"]
[Black "Bazeev, German"]
[Result "0-1"]
[WhiteTitle "IM"]
[WhiteElo "2545"]
[BlackElo "2423"]
[WhiteTeam "Moscow Wizards"]
[BlackTeam "Volga Stormbringers"]
[WhiteFideId "4108566"]
[BlackFideId "24119350"]
[EventDate "2019.01.08"]

1. e4 g6 2. d4 Bg7 3. Nc3 d6 4. f4 a6 5. Nf3 b5 6. Bd3 Nd7 7. e5 c5 8. exd6 c4
9. Be4 Rb8 10. dxe7 Nxe7 11. Ne5 b4 12. Ne2 Nb6 13. O-O O-O 14. c3 a5 15. Bd2
Qd6 16. cxb4 axb4 17. a3 Ned5 18. axb4 f6 19. Ra7 Bb7 20. Nf3 Rfe8 21. Ng3 f5
22. Bb1 Nxf4 23. Bxf4 Qxf4 24. Ne5 Qe3+ 25. Rf2 Red8 26. Qe2 Qxd4 27. Nxg6 Qd1+
28. Nf1 Qxe2 29. Rxe2 hxg6 30. Re6 Kf7 0-1

[Event "PRO League Group Stage"]
[Site "chess.com INT"]
[Date "2019.03.07"]
[Round "9"]
[White "Bryakin, Mikhail"]
[Black "Lushenkov, Mikhail"]
[Result "1/2-1/2"]
[WhiteTitle "FM"]
[BlackTitle "IM"]
[WhiteElo "2426"]
[BlackElo "2434"]
[WhiteTeam "Volga Stormbringers"]
[BlackTeam "Moscow Wizards"]
[WhiteFideId "4165314"]
[BlackFideId "4162129"]
[EventDate "2019.01.08"]

1. d4 Nf6 2. c4 e6 3. g3 d5 4. Bg2 c6 5. Nd2 Nbd7 6. Ngf3 Bd6 7. O-O O-O 8. Qc2
e5 9. dxe5 Nxe5 10. Nxe5 Bxe5 11. Nf3 Bc7 12. Rd1 h6 13. b3 Re8 14. Bb2 Bb6 15.
cxd5 cxd5 16. Bd4 Bg4 17. Qb2 Bxd4 18. Nxd4 Qb6 19. Bf3 Bxf3 20. Nxf3 a5 21. e3
a4 22. Qd4 Qxd4 23. Nxd4 Ne4 24. bxa4 Rxa4 25. Rdc1 Rea8 26. Rc2 h5 27. h4 g6
28. Kg2 Kg7 29. Nb3 Rc4 30. Rac1 Rac8 31. Nd4 b5 32. Rxc4 bxc4 33. a4 Ra8 34.
Ra1 Kf6 35. a5 Nc5 36. Ra3 Ra6 37. Nc2 Nb3 38. Nb4 Rxa5 39. Rxa5 Nxa5 40. Nxd5+
Ke5 41. Nc3 Nb3 42. Kf1 f6 43. Ke2 g5 44. f4+ gxf4 45. gxf4+ Kf5 46. Nd5 Kg4 47.
Nxf6+ Kxh4 48. e4 Nd4+ 49. Ke3 c3 50. e5 c2 51. Kd2 Ne2 52. Kxc2 Nxf4 53. Nxh5
Kxh5 54. e6 Nxe6 1/2-1/2

[Event "PRO League Group Stage"]
[Site "chess.com INT"]
[Date "2019.03.07"]
[Round "9"]
[White "Korchmar, Vasiliy"]
[Black "Dordzhieva, Dinara"]
[Result "1-0"]
[WhiteTitle "IM"]
[BlackTitle "WIM"]
[WhiteElo "2424"]
[BlackElo "2340"]
[WhiteTeam "Volga Stormbringers"]
[BlackTeam "Moscow Wizards"]
[WhiteFideId "24131750"]
[BlackFideId "24157570"]
[EventDate "2019.01.08"]

1. d4 Nf6 2. Nf3 e6 3. Bf4 c5 4. e3 Qb6 5. Nc3 a6 6. Rb1 Nc6 7. Be2 cxd4 8. exd4
d5 9. O-O Be7 10. Na4 Qa5 11. c3 O-O 12. b4 Qd8 13. Nc5 b6 14. Nxa6 Bxa6 15. b5
Bb7 16. bxc6 Bxc6 17. Ne5 Ba4 18. Qc1 Ra7 19. Qb2 Nd7 20. Nd3 Qa8 21. Nb4 Rc8
22. Rfc1 b5 23. Qd2 Nb6 24. Qe3 Nc4 25. Qg3 Bf8 26. h4 Na3 27. Rb2 Bxb4 28. Rxb4
Bc2 29. Be5 f6 30. Bxf6 Bg6 31. Be5 Nc4 32. h5 Nxe5 33. Qxe5 Bf7 34. Bxb5 Rxa2
35. Bd7 Rf8 36. Rcb1 Ra1 37. Bxe6 Bxe6 38. Qxe6+ Kh8 39. h6 gxh6 40. Qxh6 Kg8
41. Qg5+ Kh8 42. Qh6 Kg8 43. Qe6+ Kh8 44. Kh2 Rxb1 45. Rxb1 Qd8 46. Qe5+ Kg8 47.
Kg1 Qd7 48. Re1 Qf7 49. Re2 Ra8 50. Re3 Ra6 51. Rf3 Qd7 52. Qb8+ Kg7 53. Qf8+
Kg6 54. Qg8+ Kh6 55. Rh3+ Qxh3 56. gxh3 Rg6+ 57. Qxg6+ Kxg6 58. Kg2 Kf5 59. Kf3
h6 60. Ke3 h5 61. Kd3 Kf4 62. c4 dxc4+ 63. Kxc4 Kf3 64. d5 Kg2 65. d6 Kxh3 66.
d7 Kg2 67. d8=Q 1-0

[Event "PRO League Group Stage"]
[Site "chess.com INT"]
[Date "2019.03.07"]
[Round "9"]
[White "Meshkovs, Nikita"]
[Black "Martirosyan, Haik M."]
[Result "0-1"]
[WhiteTitle "GM"]
[BlackTitle "GM"]
[WhiteElo "2557"]
[BlackElo "2607"]
[WhiteTeam "Estonia Horses"]
[BlackTeam "Armenia Eagles"]
[WhiteFideId "11602740"]
[BlackFideId "13306553"]
[EventDate "2019.01.08"]

1. Nf3 d5 2. g3 Nc6 3. d4 Bf5 4. Bg2 e6 5. O-O Nb4 6. Na3 Be7 7. c4 c6 8. Bd2 a5
9. Qb3 Nf6 10. c5 b6 11. Ne5 bxc5 12. dxc5 Qc7 13. Nd3 O-O 14. Nxb4 axb4 15.
Qxb4 Nd7 16. e4 Bg6 17. Bf4 e5 18. Be3 Rfb8 19. Qe1 d4 20. Bc1 Nxc5 21. Nc4 Ra4
22. Nd2 Qa7 23. a3 Bg5 24. f4 Bh5 25. Bf3 Nd3 26. Qd1 Bxf3 27. Rxf3 Nxc1 28.
Rxc1 Bh6 29. Rxc6 Ra6 30. Qc1 Qa8 31. Rxa6 Qxa6 32. Qc4 Qa8 33. b4 Rc8 34. Qd5
Qxd5 35. exd5 f5 36. b5 e4 37. Rb3 g5 38. b6 gxf4 39. d6 fxg3 40. d7 gxh2+ 41.
Kg2 Rd8 42. b7 Bf4 43. Nc4 d3 44. a4 Kf7 45. a5 Rg8+ 46. Kf2 h1=Q 0-1

[Event "PRO League Group Stage"]
[Site "chess.com INT"]
[Date "2019.03.07"]
[Round "9"]
[White "Ehlvest, Jaan"]
[Black "Ter-Sahakyan, Samvel"]
[Result "0-1"]
[WhiteTitle "GM"]
[BlackTitle "GM"]
[WhiteElo "2521"]
[BlackElo "2574"]
[WhiteTeam "Estonia Horses"]
[BlackTeam "Armenia Eagles"]
[WhiteFideId "4500016"]
[BlackFideId "13302531"]
[EventDate "2019.01.08"]

1. e4 e5 2. Nf3 Nf6 3. Nxe5 d6 4. Nf3 Nxe4 5. d3 Nf6 6. d4 g6 7. Bd3 Bg7 8. O-O
O-O 9. h3 c5 10. dxc5 dxc5 11. Nc3 Nc6 12. Bg5 h6 13. Bh4 Nb4 14. Bc4 Bf5 15.
Qc1 g5 16. Rd1 Qc8 17. Bg3 Nxc2 18. Nb5 Ne4 19. Rb1 Nd4 20. Nfxd4 cxd4 21. Bh2
a6 22. Nc7 Ra7 23. Bd3 b5 24. Qc6 Nf6 25. Bxf5 Qxf5 26. Qb6 Rxc7 27. Qxc7 Ne4
28. Qc2 Rc8 29. Qe2 Qd5 30. f3 Nc5 31. Rbc1 Rd8 32. Qc2 d3 33. Qd2 Qxa2 34. Rb1
Nb3 35. Qe1 d2 36. Qe7 Rd4 37. Be5 Bxe5 38. Qe8+ Kh7 39. Qxe5 Qa4 40. Rf1 Qc4
41. Rbd1 Qd5 42. Qc7 Qd7 43. Qc2+ Rd3 44. f4 Kg7 45. fxg5 hxg5 46. Kh1 Qd5 47.
Qc7 a5 48. Qc8 a4 49. Rf5 Rxh3+ 50. Kg1 Qd4+ 51. Rf2 Re3 52. Qf5 Re1+ 0-1